Music Quiz

Random Music or Bands Quiz

Chicago Band Members by Instrument/Years Quiz Stats

 Plays Quiz not verified by Sporcle

Challenge
Share
Tweet
Embed
Score 0/19 Timer 10:00
0 Plays Today
Years in Band Member % Correct
1967-1985Peter Cetera
96.5%
1967-James Pankow
92.2%
1967-1978Terry Kath
91.3%
1967-Robert Lamm
90.4%
1967-1990Danny Seraphine
82.6%
1967-Walter Parazaider
80%
1967-Lee Loughnane
76.5%
1981-2009Bill Champlin
76.5%
1990-Tris Imboden
76.5%
1985-Jason Scheff
73.9%
Years in Band Member % Correct
1978-1980Donnie Dacus
64.3%
1995-Keith Howland
64.3%
1986-1994Dawayne Bailey
59.1%
2009-Lou Pardini
54.8%
1980-1985Chris Pinnick
53%
1994-1995Bruce Gaitsch
40%
2009 (filled in for Tris Imboden during medical leave)Drew Hester
36.5%
1974-1981Laudir de Oliveira
31.3%
1980-1981Marty Grebb
24.3%

You're not logged in!

Compare scores with friends on all Sporcle quizzes.
Join for Free
OR
Log In

You Might Also Like...

Show Comments

Extras

Top Quizzes Today


Score Distribution

Your Account Isn't Verified!

In order to create a playlist on Sporcle, you need to verify the email address you used during registration. Go to your Sporcle Settings to finish the process.

Report this User

Report this user for behavior that violates our Community Guidelines.

Details: